| 000 | nam a22 7a 4500 | ||
|---|---|---|---|
| 999 |
_c18054 _d18054 |
||
| 008 | 161202b xxu||||| |||| 00| 0 eng d | ||
| 020 | _a9781259313448 | ||
| 050 | _aQA 152.2 .M55 2014 | ||
| 100 | _aMiller, Julie | ||
| 245 |
_aBeginning & intermediate algebra. _cJulie Miller, Molly O'Neill, Nancy Hyde |
||
| 250 | _a4th ed | ||
| 260 |
_aNY: _bMcGraw Hill, _c2014. |
||
| 300 |
_axvii,1028 [120]p. : _bill. [some col.] ; _c28 cm |
||
| 650 | _aAlgebra. | ||
| 650 | _aAlgebra-study and teaching. | ||
| 700 | _aO;Neill, Molly | ||
| 700 | _aHyde Nancy | ||
| 942 |
_2lcc _cBOOKS _hQA 152.2 .M55 2014 |
||